01004nam a2200253 a 450000100060000000300080000600500170001400800410003103500190007204000290009104100080012008200250012824500730015326000400022630000270026650400410029350500220033465000260035670000350038294200120041799900170042995201520044695201520059872184BD-RjUL20211209082224.0170514s1953 nyua b 001 0 eng d a(BD-RjUL)72400 aDLCcODaWUdBD-RjULbeng aeng 223a547.01bPHY 195310aPhysical chemistry of the hydrocarbons /cedited by Adalbert Farkas. aNew York :bAcademic Press,cc1953. aVol. :bill. ;c22 cm. aIncludes bibliographies and indexes.0 a Vol. I-- V. II-- 0aHydrocarbons.9213468 aFarkas, Adalbert.qed.9213469 2ddccBK c72184d72184 00102ddc40718NFICaRUCLbRUCLcReadingd1968-08-12eSweets & Zeitlingerg0.00l0o547.01 PHY V-2 1953r2017-05-14 00:00:00tC-1w2017-05-14yBK 00102ddc40718NFICaRUCLbRUCLcReadingd1968-08-12eSweets & Zeitlingerg0.00l0o547.01 PHY V-1 1950r2017-05-14 00:00:00tC-1w2017-05-14yBK